al-Bulghah fī uṣūl al-lughah /

Saved in:

Main Author: Muḥammad Ṣiddīq Ḥasan, Nawab of Bhopal, 1832-1890 (Author)

Format: Book

Language: Arabic

Published: Qusṭanṭīnīyah : Maṭbaʻat al-Jawāʼib, 1296 [1879].

Subjects:

Tags: Add Tag

No Tags, Be the first to tag this record!

Call Number: ( RA )PJ91 .M8 1879

LEADER 01107nam a2200265Ia 4500
003 OSt
005 20240522111143.0
008 130303s1879 tu 000 0 ara d
952 |0 0  |1 0  |2 lcc  |4 0  |7 1  |9 29128  |a ARCE  |b ARCE  |d 2022-01-25  |l 0  |o (RA)PJ91 .M8 1879  |p 1033305  |r 2022-01-25 00:00:00  |w 2022-01-25  |y BK 
999 |c 27350  |d 27350 
040 |c ARCE Library 
050 4 |a ( RA )PJ91 .M8 1879 
100 0 |6 880-01  |a Muḥammad Ṣiddīq Ḥasan,  |c Nawab of Bhopal,  |d 1832-1890,  |e author 
245 1 3 |6 880-02  |a al-Bulghah fī uṣūl al-lughah /   |c taʼlīf Muhạmmad Sịddīq Hạsan Khān Bahādur. 
264 1 |a Qusṭanṭīnīyah :  |b Maṭbaʻat al-Jawāʼib,  |c 1296 [1879]. 
300 |a 6, 188 p. ;   |c 26 cm. 
336 |2 rdacontent  |a text  |b txt 
337 |2 rdamedia  |a unmediated  |b n 
338 |2 rdacarrier  |a volume  |b n 
650 0 |a Arabic language  |x Lexicology. 
650 0 |a Oriental languages. 
880 0 |6 100-01/(3/r  |a محمد صديق حسن  |d 1832-1890. 
880 1 2 |6 245-02/(3/r  |a البلغة في أصول اللغة   |c تأليف محمد صديق حسن خان بهادر 
901 |a reviewed 
942 |c BK  |2 lcc